000 00226nam a2200097Ia 4500
008 220204s9999 xx 000 0 und d
082 _a82-3
_bHAR
100 _aHardy, Thomas
245 0 _aFar from the madding crowd
942 _cBK
999 _c38229
_d38229